000 00894nas a2200277 4500
001 BR9207845
003 BR-BrBNA
005 20231205093041.0
007 ta
008 230509b bl.|||p| |||| 00| 00por d
040 _aBR-BrBNA
_bpor
_cBiblioteca Nacional de Agricultura
041 _a(Pt)
072 _aH20
100 1 _aLopes, C.A.
100 1 _aSantos, M.M.B.
100 1 _aGoepfert Junior, F.J.
100 1 _aNogueira, P.C.
245 1 _aCondenacao de campos de certificacao de batata-semente pela murcha bacteriana no Brasil, safra 1986/87
246 1 _aRejection of seed potatoes fields due to bacterial wilt
650 _aBATATA SEMENTE
650 _aMURCHA BACTERIANA
650 _aINFESTACAO
773 0 _tHorticultura Brasileira (Brazil)
_xISSN 0102-0536
_g(Nov 1990), v. 8(2) p. 14-16
_wBR9207845
909 _a202311
_bLúcia
_c55
_dLúcia Elande
942 _2AGRIS
_n0
_cANA
999 _c135896
_d135896